Extreme reactions

Titel: Extreme reactions : radical right mobilization in Eastern Europe / Lenka Bustikova, Arizona State University
Verfasser:
Ausgabe: First published
Veröffentlicht: Cambridge; New York; Melbourne : Cambridge University Press, 2019
Umfang: xiv, 298 Seiten : Illustrationen, Diagramme
Format: Buch
Sprache: Englisch
RVK-Notation:
Schlagworte:
ISBN: 9781108482653
Buchumschlag
X
alg: 45056280
001A    $00004:08-07-19 
001B    $00077:09-12-19 $t11:24:31.000 
001D    $00004:28-10-19 
001U    $0utf8 
001X    $00 
002@    $0Aau 
002C    $aText $btxt $2rdacontent 
002D    $aohne Hilfsmittel zu benutzen $bn $2rdamedia 
002E    $aBand $bnc $2rdacarrier 
003@    $0450562808 
003O    $01128864187 $aOCoLC 
004A    $A978-1-108-48265-3 
006C    $01103221829 $aOCoLC 
007A    $0450562808 $aHEB 
010@    $aeng 
010E    $erda 
011@    $a2019 $n2019 
021A    $aExtreme reactions $dradical right mobilization in Eastern Europe $hLenka Bustikova, Arizona State University 
028A    $BVerfasser $#Bustikova, Lenka $4aut $71066753954 $8Buštíková, Lenka$Z1973- [Tp3] $9354832182 
032@    $aFirst published 
033A    $pCambridge $pNew York $pMelbourne $nCambridge University Press 
034D    $axiv, 298 Seiten 
034M    $aIllustrationen, Diagramme 
037A    $aLiteraturverzeichnis Seite255-292 und Index 
044K    $REuropa $ROstblock $ROstmitteleuropa $#Europa, Ost $#Östliches Europa $#Central Europe Osteuropa $74075739-0 $8Osteuropa [Tg1] $9085214396 
044K    $RRadikalismus $RFaschismus $RNeue Rechte $RRechtsradikaler $#Right-wing extremists $#Extrême droite $#Neonazismus $#Rechtsradikalismus $#Neonazismus $#Rechtsextremismus $74048829-9 $8Rechtsradikalismus [Ts1] $9085136093 
045Z    $8MG 80380 [Tkv] $9410543314 

lok: 45056280 25

exp: 45056280 25 1 #EPN
201B/01 $009-12-19 $t11:24:31.000 
201C/01 $026-11-19 
201U/01 $0utf8 
203@/01 $0107086966X 
208@/01 $a09-12-19 $bzsc 
209A/01 $aEI 183 $dd $f002 $x00 
209C/01 $a19/868 PO 
209G/01 $a13343624 $x00 
209G/01 $aPolitikwissenschaft $x01 
247C/01 $8651002-4 <77/002>Mainz, Universität Mainz, Bereichsbibliothek Georg Forster-Gebäude $9103704124 

lok: 45056280 78

exp: 45056280 78 1 #EPN
201B/01 $031-10-24 $t08:06:57.000 
201C/01 $031-10-24 
201U/01 $0utf8 
203@/01 $01279108959 
208@/01 $a31-10-24 $be 
209A/01 $a/ $f000 $x00 
209A/01 $ab*p $x01 
220C/01 $apgar 
244Z/01 $#Ostmitteleuropa $#Ostmitteleuropa $#Mitteleuropa, Ost $#Central Europe Ostmitteleuropa $#Mittelosteuropa $74075753-5 $8--Tg1--Ostmitteleuropa $x05 $9085214485 
244Z/01 $#Ungarn $#Ungarn $#Ungarische Räterepublik $#Königreich Ungarn $#Die @Länder der ungarischen Krone $#Transleithanien $#Magyarország $#Magyar Köztársaság $#Magyar Tanácsköztársaság $#Government of the Hungarian Republic $#Zemalja Ugarske Krune $#VNR $#Ungern $#Ungarische Republik $#Republik Ungarn $#Ungarische Volksrepublik $#Volksrepublik Ungarn $#Magyar Népköztársaság $#Hungary $#Hungarian Republic $#Hongrie $#Vengerskaja Narodnaja Respublika $#Hungarian People's Republic $#HPR Hungarian People's Republic $#République Populaire Hongroise $#Ungarische VR $#Republic of Hungary $#Vengrija $74078541-5 $8--Tgz--Ungarn $x08 $9085222712 
244Z/01 $#Slowakei $#Slowakei $#Slowakische Republik $#Oberungarn $#Slovensko $#Slovenská Republika $#Slovenská SR $#SSR $#Slovakia $#Slovaquie $#Slovak Republic $#République Slovaque $#Slovenská Socialistická Republika $#Slowakische Sozialistische Republik $#Slovak Socialist Republic $#République Socialiste Slovaque $74055297-4 $8--Tg1--Slowakei $x12 $9085153834 
247C/01 $82080>Marburg/Lahn, Herder-Institut, Forschungsbibliothek, Bibliographieportal $9336309341 

lok: 45056280 205

exp: 45056280 205 1 #EPN
201B/01 $031-10-19 $t13:09:14.000 
201C/01 $008-07-19 
201U/01 $0utf8 
203@/01 $01055280219 
208@/01 $a31-10-19 $bz 
209A/01 $a001 MG 80380 B982 $db $f000 $x00 
209C/01 $a1 2019/11697 
209C/01 $anel1910ma 
209G/01 $a56991638 $x00 
247C/01 $8351000-1 <4>Marburg, Universität Marburg, Universitätsbibliothek $9102594767
LEADER 00000cam a2200000 c 4500
001 450562808
003 DE-603
005 20191209112431.0
007 tu
008 190708s2019 xx |||| | u00||u|eng c
020 |a 9781108482653 
035 |a (DE-599)HEB450562808 
035 |a (OCoLC)1128864187 
040 |a DE-603  |b ger  |c DE-603  |d DE-603  |e rda 
041 |a eng 
084 |a MG 80380  |0 (DE-625)122863:12126  |0 (DE-603)410543314  |2 rvk 
100 1 |a Buštíková, Lenka  |d 1973-  |e Verfasser  |4 aut  |0 (DE-603)354832182  |0 (DE-588)1066753954  |2 gnd 
245 0 0 |a Extreme reactions  |b radical right mobilization in Eastern Europe  |c Lenka Bustikova, Arizona State University 
250 |a First published 
264 1 |a Cambridge  |a New York  |a Melbourne  |b Cambridge University Press  |c 2019 
300 |a xiv, 298 Seiten  |b Illustrationen, Diagramme 
336 |a Text  |b txt  |2 rdacontent 
337 |a ohne Hilfsmittel zu benutzen  |b n  |2 rdamedia 
338 |a Band  |b nc  |2 rdacarrier 
500 |a Literaturverzeichnis Seite255-292 und Index 
650 7 |a Rechtsradikalismus  |0 (DE-588)4048829-9  |0 (DE-603)085136093  |2 gnd 
651 7 |a Osteuropa  |0 (DE-588)4075739-0  |0 (DE-603)085214396  |2 gnd 
924 0 |9 77/002  |a (DE-603)107086966X  |b DE-77-002  |c HES  |d d  |g EI 183 
924 0 |9 2080  |a (DE-603)1279108959  |b DE-2080  |c HES  |d d  |g / 
924 0 |9 4  |a (DE-603)1055280219  |b DE-4  |c HES  |d c  |g 001 MG 80380 B982